| 000 | 01212nam0a22003131 4500 | ||
|---|---|---|---|
| 001 | rc\3351061 | ||
| 005 | 20260407104823.0 | ||
| 021 |
_aRU _b74-ОЭ-352/12 |
||
| 021 |
_aRU _bРг1751-75 |
||
| 035 | _a(NLR Aleph) 007436278 | ||
| 090 |
_a7068262 _c7068262 |
||
| 100 | _a20130115d1974 |||y0rusy50 ca | ||
| 101 | 0 | _arus | |
| 102 | _aRU | ||
| 105 | _aa z ||||| | ||
| 200 | 1 |
_aЛабораторные работы по коллоидной химии _e(Метод. пособие) _fМ-во высш. и сред. спец. образ. РСФСР. Яросл. политехн. ин-т |
|
| 205 | _a2-е изд. | ||
| 210 |
_aЯрославль _cБ. и. _d1974 |
||
| 215 |
_a68 с. _cил. _d21 |
||
| 300 | _aНа обороте тит. л. сост.: А.И. Альтов, К.Б. Хлыстова, К.А. Черняковская | ||
| 702 | 1 |
_aХлыстова _bК.Б. _4220 |
|
| 702 | 1 |
_aАльтов _bА.И. _4220 |
|
| 702 | 1 |
_aЧерняковская _bК.А. _4220 |
|
| 712 | 0 | 2 |
_aЯрославский политехнический институт _3RU\NLR\AUTH\889935889 _9366639 |
| 801 | 0 |
_aRU _bNLR _gpsbo |
|
| 801 | 1 |
_aRU _bELAR _2rusmarc |
|
| 852 |
_aNLR _j74-4/30018 |
||
| 942 | _cBOOK | ||
| 980 | _aNB | ||